Maryland Counties in Delmarva - Sudden Death - Statistics

General Stats
  • This quiz has been taken 28 times
  • The average score is 6 of 9
Answers on the Grid
Answers color-coded by a green-red scale on the quiz's grid according to % correct below.
Allegany
Anne Arundel
Baltimore
Baltimore (City)
Calvert
Caroline
Carroll
Cecil
Charles
Dorchester
Frederick
Garrett
Harford
Howard
Kent
Montgomery
Prince George's
Queen Anne's
Somerset
St. Mary's
Talbot
Washington
Wicomico
Worcester
 
Answer Stats
Answer % Correct
Worcester
75%
Dorchester
70%
Kent
70%
Queen Anne's
70%
Wicomico
70%
Somerset
65%
Talbot
65%
Cecil
60%
Caroline
55%
No matching quizzes found
Score Distribution
Percent of People with Each Score
Percentile by Number Answered
Your Score History
You have not taken this quiz